| 000 | 00729nam a2200217 a 4500 | ||
|---|---|---|---|
| 999 |
_c10749 _d10749 |
||
| 001 | 10749 | ||
| 003 | BD-JhCC | ||
| 005 | 20220829134022.0 | ||
| 008 | 180903s20162003bg |||| |||| 000 0 ben d | ||
| 020 | _a978817756318 | ||
| 035 | _a(BD-JhCC)10749 | ||
| 040 |
_aBD-JhCC _dBD-JhCC |
||
| 041 | _aben | ||
| 082 |
_a891.4435 _bDOY 2016 |
||
| 100 | _aডয়েল, সার আর্থার কোনান | ||
| 245 |
_aশার্লক হোমস : _bগল্পসংগ্রহ / _cসার আর্থার কোনান ডয়েল, |
||
| 260 |
_aকলকাতা : _bআনন্দ, _c২০১৬ |
||
| 300 |
_a৪৮৭ পৃ. : _c২২ সেমি. |
||
| 650 | _astories | ||
| 942 |
_2ddc _cBK _036 |
||